[Event "Kouty nad Desnou op-A"]
[Site "Kouty nad Desnou"]
[Date "2024.03.13"]
[Round "6"]
[White "Brejnik, Gustav"]
[Black "Zrubek, Adam"]
[Result "1/2-1/2"]
[WhiteElo "2265"]
[BlackElo "1924"]
[PlyCount "101"]
[EventDate "2024.03.09"]
[EventType "swiss"]
[EventRounds "9"]
[EventCountry "CZE"]
[SourceTitle "CB13_2024"]
[SourceDate "2024.03.27"]
[SourceVersion "1"]
[SourceVersionDate "2024.03.27"]
[SourceQuality "1"]

1. d4 d5 2. c4 Nc6 3. Nc3 Nf6 4. cxd5 Nxd5 5. Nf3 Bg4 6. e4 Bxf3 7. gxf3 Nxc3 8. bxc3 e5 9. Rb1 Bd6 10. Rg1 exd4 11. cxd4 Qe7 12. Bb5 a6 13. Qa4 Rd8 14. Bxc6+ bxc6 15. Qxc6+ Kf8 16. Kf1 h6 17. Qxa6 Qf6 18. Qd3 Bxh2 19. Rg2 Bf4 20. e5 Qh4 21. Bxf4 Qxf4 22. Rg4 Qh2 23. Ke2 h5 24. Rg3 Qh4 25. Rb7 Qe7 26. f4 h4 27. Rf3 Qe6 28. Rxc7 h3 29. d5 Qb6 30. Rxh3 Rxh3 31. Qxh3 Qxc7 32. Qh8+ Ke7 33. d6+ Rxd6 34. exd6+ Qxd6 35. Qa8 Qe6+ 36. Kd3 Qd6+ 37. Ke3 Qc5+ 38. Kf3 Qh5+ 39. Kg3 Qg6+ 40. Kh3 Qh5+ 41. Kg3 Qg6+ 42. Kf3 Qh5+ 43. Ke3 Qc5+ 44. Kd3 Qb5+ 45. Kc3 Qc5+ 46. Kb3 Qb5+ 47. Kc3 Qc5+ 48. Kd3 Qb5+ 49. Kd2 Qb4+ 50. Ke2 Qb5+ 51. Ke3 1/2-1/2

[Event "Kouty nad Desnou op-A"]
[Site "Kouty nad Desnou"]
[Date "2024.03.10"]
[Round "2"]
[White "Brejnik, Gustav"]
[Black "Cerny, Rodan"]
[Result "1-0"]
[WhiteElo "2265"]
[BlackElo "1636"]
[PlyCount "83"]
[EventDate "2024.03.09"]
[EventType "swiss"]
[EventRounds "9"]
[EventCountry "CZE"]
[SourceTitle "CB13_2024"]
[SourceDate "2024.03.27"]
[SourceVersion "1"]
[SourceVersionDate "2024.03.27"]
[SourceQuality "1"]

1. Nf3 d5 2. g3 e6 3. Bg2 Nf6 4. 0-0 Be7 5. c4 0-0 6. b3 b6 7. cxd5 Nxd5 8. Bb2 Bb7 9. a3 c5 10. Ne5 Qc7 11. Qc2 Nd7 12. Nxd7 Qxd7 13. d3 Bf6 14. Nd2 Rac8 15. Nc4 Bxb2 16. Qxb2 Rfd8 17. b4 Qe7 18. b5 Qd7 19. h3 h6 20. Kh2 Qc7 21. Rfc1 Qe7 22. Qe5 Qc7 23. Kg1 Ne7 24. Bxb7 Qxb7 25. a4 Rd5 26. Qe4 Qc7 27. a5 Rd4 28. axb6 axb6 29. Qf3 Rdd8 30. Ra6 Nd5 31. Rca1 Qb8 32. R1a3 Rd7 33. e4 Nb4 34. Rxb6 Qc7 35. e5 Qd8 36. Rd6 Kh7 37. Rxd7 Qxd7 38. Nb6 Qd8 39. Qe4+ g6 40. Nxc8 Qxc8 41. Ra7 Kg7 42. Qf4 1-0

[Event "Kouty nad Desnou op-A"]
[Site "Kouty nad Desnou"]
[Date "2024.03.09"]
[Round "1"]
[White "Brychta, David1"]
[Black "Brejnik, Gustav"]
[Result "0-1"]
[WhiteElo "1555"]
[BlackElo "2265"]
[PlyCount "80"]
[EventDate "2024.03.09"]
[EventType "swiss"]
[EventRounds "9"]
[EventCountry "CZE"]
[SourceTitle "CB13_2024"]
[SourceDate "2024.03.27"]
[SourceVersion "1"]
[SourceVersionDate "2024.03.27"]
[SourceQuality "1"]

1. c4 e6 2. Nc3 d5 3. cxd5 exd5 4. d4 c6 5. Nf3 Nf6 6. Bg5 Be7 7. e3 h6 8. Bh4 Bf5 9. Be2 Nbd7 10. Qb3 b5 11. Bxf6 Bxf6 12. 0-0 a5 13. Rac1 0-0 14. Nb1 a4 15. Qd1 Rc8 16. Bd3 Bxd3 17. Qxd3 Nb6 18. Nbd2 Re8 19. Rc2 Re6 20. Rfc1 Qe8 21. Ne1 g6 22. Nef3 Kg7 23. Kf1 Nc4 24. Nxc4 dxc4 25. Qc3 Ra8 26. b3 axb3 27. axb3 Ra3 28. Nd2 Qb8 29. Kg1 c5 30. Qb2 Qa7 31. bxc4 cxd4 32. exd4 Bxd4 33. Qxb5 Bxf2+ 34. Kf1 Ra5 35. Qb3 Be3 36. Re1 Bxd2 37. Rxe6 Rf5+ 38. Ke2 Rf2+ 39. Kd3 Qd7+ 40. Ke4 Rf4+ 0-1

[Event "Prague Mencik Memorial 6th"]
[Site "Prague"]
[Date "2023.09.24"]
[Round "2"]
[White "Brejnik, Gustav"]
[Black "Buksa, Jaromir"]
[Result "1-0"]
[WhiteElo "2259"]
[BlackElo "1932"]
[PlyCount "77"]
[EventDate "2023.09.24"]
[EventType "swiss"]
[EventRounds "9"]
[EventCountry "CZE"]
[SourceTitle "EXT 2024"]
[Source "ChessBase"]
[SourceDate "2023.10.10"]
[SourceVersion "1"]
[SourceVersionDate "2023.10.10"]
[SourceQuality "1"]

1. d4 Nf6 2. c4 e6 3. Nf3 b6 4. g3 Bb7 5. Bg2 Bb4+ 6. Bd2 Bxd2+ 7. Nbxd2 0-0 8. 0-0 d6 9. Re1 Nbd7 10. e4 e5 11. Qc2 c5 12. d5 Qe7 13. Nb1 h6 14. Nc3 Nh7 15. Rad1 Ng5 16. Nd2 Nh7 17. Rf1 g6 18. f4 exf4 19. gxf4 f5 20. e5 Rab8 21. exd6 Qxd6 22. Nb5 Qf6 23. Rde1 Rbe8 24. Nf3 a6 25. Nc7 Rxe1 26. Rxe1 Rc8 27. Ne8 Qf8 28. Qe2 Nhf6 29. Qe6+ Qf7 30. Qxf7+ Kxf7 31. Nd6+ Kg7 32. Nxb7 Ne4 33. Ne5 Ndf6 34. Bxe4 Nxe4 35. d6 Nf6 36. d7 Nxd7 37. Nxd7 Rc7 38. Re7+ Kg8 39. Nf6+ 1-0

[Event "Prague Mencik Memorial 6th"]
[Site "Prague"]
[Date "2023.09.24"]
[Round "3"]
[White "Slovak, Pavel"]
[Black "Brejnik, Gustav"]
[Result "0-1"]
[WhiteElo "2037"]
[BlackElo "2259"]
[PlyCount "66"]
[EventDate "2023.09.24"]
[EventType "swiss"]
[EventRounds "9"]
[EventCountry "CZE"]
[SourceTitle "EXT 2024"]
[Source "ChessBase"]
[SourceDate "2023.10.10"]
[SourceVersion "1"]
[SourceVersionDate "2023.10.10"]
[SourceQuality "1"]

1. e4 c6 2. d4 d5 3. Nd2 dxe4 4. Nxe4 Nf6 5. Ng5 h6 6. N5f3 Bf5 7. Bd3 Bxd3 8. Qxd3 e6 9. Ne2 c5 10. 0-0 Nc6 11. Qb5 Qb6 12. Qxb6 axb6 13. c3 Be7 14. Bf4 0-0 15. a3 Nd5 16. Bg3 Na5 17. Ne5 Rfd8 18. Rfd1 b5 19. dxc5 Nb3 20. Rab1 Bxc5 21. Nc1 Nxc3 22. Nxb3 Rxd1+ 23. Rxd1 Nxd1 24. Nxc5 Nxb2 25. Nxb7 b4 26. a4 Nxa4 27. Nc4 Nc3 28. h3 Ne2+ 29. Kh2 Nxg3 30. Kxg3 b3 31. Nbd6 Ra2 32. Nb5 Rc2 33. Nca3 Rc1 0-1

[Event "Nepomuk 3rd"]
[Site "Nepomuk"]
[Date "2023.09.07"]
[Round "7"]
[White "Priehoda, Vitezslav"]
[Black "Brejnik, Gustav"]
[Result "1-0"]
[WhiteElo "2254"]
[BlackElo "2224"]
[PlyCount "73"]
[EventDate "2023.08.31"]
[EventType "tourn"]
[EventRounds "9"]
[EventCountry "CZE"]
[SourceTitle "EXT 2024"]
[Source "ChessBase"]
[SourceDate "2023.10.10"]
[SourceVersion "1"]
[SourceVersionDate "2023.10.10"]
[SourceQuality "1"]

1. e4 c6 2. Nc3 d5 3. Nf3 dxe4 4. Nxe4 Nf6 5. Qe2 Nxe4 6. Qxe4 Nd7 7. Bc4 Nf6 8. Ne5 e6 9. Qe2 b5 10. Bb3 Bd6 11. d4 Qc7 12. a4 0-0 13. 0-0 c5 14. axb5 cxd4 15. Re1 Bb7 16. Bd2 Bxe5 17. Qxe5 Qxe5 18. Rxe5 Nd7 19. Rg5 e5 20. Bb4 Rfe8 21. Rf5 Nf6 22. Bd6 e4 23. Be5 Bc8 24. Rxf6 gxf6 25. Bxd4 Be6 26. Bxe6 Rxe6 27. b6 a5 28. Kf1 Rc6 29. c3 Kf8 30. Ra4 Ke7 31. b4 Rc4 32. Rxa5 Rb8 33. Ke2 Ke6 34. Ke3 h6 35. Rb5 Rb7 36. Kxe4 f5+ 37. Kd3 1-0

[Event "Nepomuk 3rd"]
[Site "Nepomuk"]
[Date "2023.09.02"]
[Round "3"]
[White "Spirik, Jiri"]
[Black "Brejnik, Gustav"]
[Result "0-1"]
[WhiteElo "2143"]
[BlackElo "2224"]
[PlyCount "60"]
[EventDate "2023.08.31"]
[EventType "tourn"]
[EventRounds "9"]
[EventCountry "CZE"]
[SourceTitle "EXT 2024"]
[Source "ChessBase"]
[SourceDate "2023.10.10"]
[SourceVersion "1"]
[SourceVersionDate "2023.10.10"]
[SourceQuality "1"]

1. d4 Nf6 2. Nf3 d5 3. c4 e6 4. Nc3 a6 5. e3 Nbd7 6. a3 b6 7. b4 dxc4 8. Bxc4 c5 9. bxc5 bxc5 10. dxc5 Bxc5 11. 0-0 0-0 12. Rb1 Qe7 13. a4 Rd8 14. Qe2 Nb6 15. Bd3 Bb7 16. Bb2 Bb4 17. Rfc1 a5 18. Nd4 Bxc3 19. Bxc3 Nxa4 20. Be1 Nc5 21. Rxc5 Qxc5 22. Rxb7 e5 23. Nf5 e4 24. Ne7+ Kf8 25. Qa2 Nd7 26. Bxe4 Qxe7 27. Bd5 Rab8 28. Rc7 Rdc8 29. Ra7 Rc1 30. Qxa5 Qb4 0-1

[Event "Prague Golden Blitz op"]
[Site "Prague"]
[Date "2023.06.18"]
[Round "2"]
[White "Brejnik, Gustav"]
[Black "Zoubek, David"]
[Result "1-0"]
[WhiteElo "2244"]
[BlackElo "1801"]
[PlyCount "85"]
[EventDate "2023.06.18"]
[EventType "swiss (blitz)"]
[EventRounds "11"]
[EventCountry "CZE"]
[SourceTitle "CBM 215 Extra"]
[Source "ChessBase"]
[SourceDate "2023.09.30"]
[SourceVersion "1"]
[SourceVersionDate "2023.09.30"]
[SourceQuality "1"]

1. d4 Nf6 2. c4 c5 3. d5 b5 4. cxb5 a6 5. bxa6 Bxa6 6. Nc3 g6 7. e4 Bxf1 8. Kxf1 d6 9. Nf3 Bg7 10. g3 0-0 11. Kg2 Nbd7 12. a4 Ng4 13. Qe2 Qb6 14. Nb5 Nge5 15. Nd2 Nf6 16. f4 Ned7 17. Nc4 Qb7 18. Bd2 Nb6 19. Na5 Qd7 20. Bc3 Rfb8 21. Nc6 Rb7 22. b3 h5 23. h3 e6 24. Na5 Rbb8 25. dxe6 fxe6 26. Rad1 d5 27. e5 Ne4 28. Be1 Qf7 29. Nc6 Rf8 30. Nd6 Qd7 31. Nxe4 Qxc6 32. Nd6 d4+ 33. Kh2 h4 34. Rf1 hxg3+ 35. Bxg3 Nd5 36. Qe4 Ne7 37. Qxc6 Nxc6 38. Rc1 Na5 39. Rf2 Rab8 40. Rf3 Rb7 41. Nb5 Rfb8 42. Rxc5 Re8 43. Nxd4 1-0

[Event "Usti nad Labem rapid op"]
[Site "Usti nad Labem"]
[Date "2023.05.06"]
[Round "4"]
[White "Brejnik, Gustav"]
[Black "Vranova, Zdenka"]
[Result "1-0"]
[WhiteElo "2177"]
[BlackElo "1799"]
[PlyCount "55"]
[EventDate "2023.05.06"]
[EventType "swiss (rapid)"]
[EventRounds "7"]
[EventCountry "CZE"]
[SourceTitle "CBM 214 Extra"]
[Source "ChessBase"]
[SourceDate "2023.07.31"]
[SourceVersion "1"]
[SourceVersionDate "2023.07.31"]
[SourceQuality "1"]

1. d4 Nf6 2. c4 d6 3. Nc3 Nbd7 4. Nf3 e5 5. g3 Be7 6. Bg2 c6 7. e4 0-0 8. 0-0 Qc7 9. h3 Nb6 10. b3 Re8 11. Qc2 Bf8 12. Be3 Nbd7 13. Rad1 b6 14. a3 Bb7 15. Rfe1 c5 16. d5 Bc8 17. Nh4 g6 18. f4 Bg7 19. f5 Rf8 20. Qd2 a6 21. Kh1 Nh5 22. Kh2 Qd8 23. Rf1 Nb8 24. Bf3 Bf6 25. Bxh5 Bxh4 26. gxh4 gxh5 27. f6 Nd7 28. Qg2+ 1-0

[Event "Usti nad Labem rapid op"]
[Site "Usti nad Labem"]
[Date "2023.05.06"]
[Round "5"]
[White "Vrana, Frantisek"]
[Black "Brejnik, Gustav"]
[Result "1-0"]
[WhiteElo "2101"]
[BlackElo "2177"]
[PlyCount "67"]
[EventDate "2023.05.06"]
[EventType "swiss (rapid)"]
[EventRounds "7"]
[EventCountry "CZE"]
[SourceTitle "CBM 214 Extra"]
[Source "ChessBase"]
[SourceDate "2023.07.31"]
[SourceVersion "1"]
[SourceVersionDate "2023.07.31"]
[SourceQuality "1"]

1. e4 c6 2. d4 d5 3. Nc3 dxe4 4. Nxe4 Nf6 5. Nxf6+ exf6 6. c3 Bd6 7. g3 0-0 8. Bg2 Re8+ 9. Ne2 Bg4 10. f3 Be6 11. 0-0 Bc4 12. Re1 Qe7 13. Kf2 c5 14. b3 Bxe2 15. Rxe2 Qxe2+ 16. Qxe2 Rxe2+ 17. Kxe2 cxd4 18. cxd4 Nc6 19. Bb2 Re8+ 20. Kf2 Nb4 21. Bf1 f5 22. a3 Nc2 23. Rc1 Nxa3 24. Ra1 Nc2 25. Rxa7 Ne3 26. Be2 b6 27. Rd7 Bf8 28. Bc1 Nc2 29. Bc4 Re7 30. Rd8 Rb7 31. Bf4 g5 32. Bd6 b5 33. Bxf8 bxc4 34. Bh6# 1-0

[Event "CZE-chT 2223"]
[Site "Czech Republic"]
[Date "2023.03.24"]
[Round "9.1"]
[White "Brejnik, Gustav"]
[Black "Nemec, Jachym"]
[Result "1-0"]
[WhiteElo "2280"]
[BlackElo "2345"]
[PlyCount "79"]
[EventDate "2022.10.15"]
[EventType "team-tourn"]
[EventRounds "11"]
[EventCountry "CZE"]
[SourceTitle "CBM 213 Extra"]
[Source "ChessBase"]
[SourceDate "2023.05.31"]
[SourceVersion "1"]
[SourceVersionDate "2023.05.31"]
[SourceQuality "1"]
[WhiteTeam "Kromeriz Slavia"]
[BlackTeam "Brno Moravska Slavia"]
[WhiteTeamCountry "CZE"]
[BlackTeamCountry "CZE"]

1. e4 c6 2. d4 d5 3. e5 c5 4. c3 Nc6 5. Be2 Bf5 6. Nf3 e6 7. 0-0 cxd4 8. Nxd4 Bxb1 9. Nxc6 bxc6 10. Rxb1 Ne7 11. Qa4 Qd7 12. Rd1 Ng6 13. c4 a6 14. f4 Bc5+ 15. Kh1 Ne7 16. b4 Ba7 17. cxd5 Nxd5 18. Qxa6 0-0 19. Qc4 Bb6 20. a3 Rfc8 21. Rb3 Qa7 22. Bf3 Qa4 23. Bd2 h6 24. Rc1 Qa7 25. Be4 Qe7 26. f5 exf5 27. Bxf5 Re8 28. Re1 Qc7 29. e6 Qd6 30. exf7+ Kxf7 31. Rf1 Kg8 32. Rg3 Bc7 33. Bf4 Qxf4 34. Rxf4 Bxf4 35. Rf3 Re1+ 36. Rf1 Rae8 37. g3 Bd2 38. Rxe1 Rxe1+ 39. Kg2 Kh8 40. Qxc6 1-0

[Event "CZE-chT 2223"]
[Site "Czech Republic"]
[Date "2023.02.19"]
[Round "8.5"]
[White "Vojta, Jakub"]
[Black "Brejnik, Gustav"]
[Result "0-1"]
[WhiteElo "2310"]
[BlackElo "2280"]
[PlyCount "104"]
[EventDate "2022.10.15"]
[EventType "team-tourn"]
[EventRounds "11"]
[EventCountry "CZE"]
[SourceTitle "CBM 213 Extra"]
[Source "ChessBase"]
[SourceDate "2023.05.31"]
[SourceVersion "1"]
[SourceVersionDate "2023.05.31"]
[SourceQuality "1"]
[WhiteTeam "Pardubice"]
[BlackTeam "Kromeriz Slavia"]
[WhiteTeamCountry "CZE"]
[BlackTeamCountry "CZE"]

1. e4 c6 2. d4 d5 3. e5 c5 4. dxc5 e6 5. Nf3 Bxc5 6. Bd3 f6 7. 0-0 fxe5 8. Nxe5 Nf6 9. b3 Nc6 10. Nxc6 bxc6 11. Bb2 0-0 12. Qe2 a5 13. Be5 Bd7 14. Nc3 Be8 15. Kh1 Bh5 16. f3 Qe7 17. Na4 Ba7 18. c4 Rae8 19. Rac1 Nd7 20. Qb2 Nxe5 21. Qxe5 Qh4 22. cxd5 exd5 23. Qg3 Qf6 24. Qh3 Bg6 25. Bxg6 Qxg6 26. Rfe1 Qc2 27. Qd7 Rxe1+ 28. Rxe1 Qf2 29. Qe6+ Kh8 30. Qe2 Qd4 31. Qe7 Qb4 32. Nb2 Bc5 33. Qe6 Qd2 34. Qe2 Qh6 35. Qe6 Qd2 36. Qe2 Qd4 37. Qe5 Qxe5 38. Rxe5 Bd4 39. Re2 Bxb2 40. Rxb2 Re8 41. Kg1 c5 42. Kf2 Kg8 43. Rc2 Rc8 44. Re2 Kf7 45. Re5 d4 46. a3 Kf6 47. f4 a4 48. bxa4 c4 49. Ke2 d3+ 50. Kd1 c3 51. Rd5 c2+ 52. Kc1 Rc3 0-1

[Event "CZE-chT 2223"]
[Site "Czech Republic"]
[Date "2023.01.08"]
[Round "6.4"]
[White "Brejnik, Gustav"]
[Black "Frank, Adam"]
[Result "0-1"]
[WhiteElo "2280"]
[BlackElo "2297"]
[PlyCount "110"]
[EventDate "2022.10.15"]
[EventType "team-tourn"]
[EventRounds "11"]
[EventCountry "CZE"]
[SourceTitle "CBM 213 Extra"]
[Source "ChessBase"]
[SourceDate "2023.05.31"]
[SourceVersion "1"]
[SourceVersionDate "2023.05.31"]
[SourceQuality "1"]
[WhiteTeam "Kromeriz Slavia"]
[BlackTeam "Frydek Mistek"]
[WhiteTeamCountry "CZE"]
[BlackTeamCountry "CZE"]

1. d4 g6 2. c4 Bg7 3. Nf3 d6 4. g3 Nd7 5. Bg2 e5 6. Nc3 Ne7 7. 0-0 0-0 8. h3 Nc6 9. d5 Ne7 10. e4 a5 11. Be3 f5 12. Ng5 Nc5 13. Bxc5 dxc5 14. exf5 Nxf5 15. Ne6 Bxe6 16. dxe6 Nd4 17. Qg4 c6 18. Rad1 Qe7 19. Ne4 Rad8 20. Qg5 Bf6 21. Nxf6+ Qxf6 22. Qxf6 Rxf6 23. Rfe1 Rxe6 24. Be4 Kg7 25. h4 Red6 26. Kg2 Kf6 27. Re3 Nf5 28. Rxd6+ Nxd6 29. Bd3 Nf7 30. Kf1 Rd4 31. Ke2 Nd6 32. b3 b5 33. cxb5 cxb5 34. Bc2 b4 35. Ke1 e4 36. Re2 h6 37. f3 exf3 38. Rf2 g5 39. Rxf3+ Kg7 40. hxg5 hxg5 41. Bd3 g4 42. Re3 Kf6 43. Kf2 Nf5 44. Bxf5 Kxf5 45. Re8 Rd2+ 46. Ke1 Rxa2 47. Rc8 Rc2 48. Ra8 Ke4 49. Rxa5 Kf3 50. Ra8 Kxg3 51. Kf1 Rc1+ 52. Ke2 Kg2 53. Rg8 g3 54. Rg7 Rc3 55. Rg5 Kg1 0-1

[Event "Prague Summer op 9th"]
[Site "Prague"]
[Date "2022.08.07"]
[Round "4"]
[White "Hajiyev, Kanan"]
[Black "Brejnik, Gustav"]
[Result "0-1"]
[WhiteElo "2131"]
[BlackElo "2300"]
[PlyCount "106"]
[EventDate "2022.08.05"]
[EventType "swiss"]
[EventRounds "9"]
[EventCountry "CZE"]
[SourceTitle "CBM 209 Extra"]
[Source "ChessBase"]
[SourceDate "2022.09.30"]
[SourceVersion "1"]
[SourceVersionDate "2022.09.30"]
[SourceQuality "1"]

1. d4 d5 2. c4 c6 3. cxd5 cxd5 4. Nc3 Nf6 5. Nf3 Nc6 6. Bg5 Ne4 7. Bf4 Qa5 8. Qb3 e6 9. e3 Bb4 10. Rc1 0-0 11. Bd3 Nxc3 12. bxc3 Ba3 13. Rb1 h6 14. 0-0 b6 15. c4 dxc4 16. Qxc4 Nb4 17. Be4 Ba6 18. Qb3 Nd5 19. Bd3 Bxd3 20. Qxd3 Nxf4 21. exf4 Bd6 22. Rb2 Bxf4 23. g3 Bd6 24. Rc2 Rac8 25. Rfc1 Rxc2 26. Qxc2 Qd5 27. Qc6 Qxc6 28. Rxc6 Rd8 29. Kf1 Kf8 30. Ke2 Ke7 31. Kd3 Kd7 32. Rc2 Rc8 33. Rb2 Rc1 34. Kd2 Rc4 35. Kd3 Ra4 36. Nd2 Ra3+ 37. Ke2 Rc3 38. Ne4 Rc1 39. Kd2 Rh1 40. h4 f5 41. Nxd6 Kxd6 42. Rc2 Ra1 43. Kc3 Kd5 44. Re2 Rc1+ 45. Kd2 Rc4 46. Re5+ Kxd4 47. Rxe6 Ra4 48. Rg6 Rxa2+ 49. Kc1 Rxf2 50. Rxg7 a5 51. Rg6 b5 52. Rxh6 a4 53. h5 a3 0-1